<?xml version="1.0" encoding="UTF-8"?>
<collection xmlns="http://www.loc.gov/MARC21/slim">
  <record>
    <leader>00000nam  2200000   4500</leader>
    <controlfield tag="001">INLIS000000000003368</controlfield>
    <controlfield tag="005">20190814014400</controlfield>
    <datafield tag="035" ind1="#" ind2="#">
      <subfield code="a">0010-0718003368</subfield>
    </datafield>
    <controlfield tag="008">190814################g##########0#ind##</controlfield>
    <datafield tag="041" ind1=" " ind2=" ">
      <subfield code="a">id</subfield>
    </datafield>
    <datafield tag="082" ind1="#" ind2="#">
      <subfield code="a">297.27</subfield>
    </datafield>
    <datafield tag="090" ind1=" " ind2=" ">
      <subfield code="a">297.27 MEN</subfield>
    </datafield>
    <datafield tag="100" ind1=" " ind2="#">
      <subfield code="a">Nugroho, Abi S</subfield>
    </datafield>
    <datafield tag="245" ind1="1" ind2="#">
      <subfield code="a">Mendidik Tanpa Pamrih. Kisah Para Pejuang Pendidikan Islam /</subfield>
      <subfield code="c">Abi S. Nugroho</subfield>
    </datafield>
    <datafield tag="260" ind1="#" ind2="#">
      <subfield code="a">Jakarta :</subfield>
      <subfield code="b">Kemenag RI,</subfield>
      <subfield code="c">2015</subfield>
    </datafield>
    <datafield tag="300" ind1="#" ind2="#">
      <subfield code="a">xviii., 317 hlm. :</subfield>
      <subfield code="b">ilus ;</subfield>
      <subfield code="c">21 cm</subfield>
    </datafield>
    <datafield tag="084" ind1="#" ind2="#">
      <subfield code="a">297 Men</subfield>
    </datafield>
    <datafield tag="250" ind1="#" ind2="#">
      <subfield code="a">Cet.1</subfield>
    </datafield>
    <datafield tag="650" ind1="#" ind2="#">
      <subfield code="a">Pendidikan, Agama, Islam</subfield>
    </datafield>
    <datafield tag="856" ind1="#" ind2="#">
      <subfield code="a">Perpustakaan Lembaga Administrasi Negara</subfield>
    </datafield>
    <datafield tag="500" ind1="#" ind2="#">
      <subfield code="a">Mereka para guru ngaji yang hidup sederhaan di tengah umat tak hanya mengajarka alif-ba-ta dengan semangat tak hanya mengajarkan rukun dan syarat shalat, tak hanya mengajarkan tatacara beribadah, mereka juga mendidik dan memberi teladan bagaimana menjalani hidup keseharian agar tetap memiliki pegangan dan lurus dijalan kebajikan. Guru-guru ngaji di kampung-kampung memang tak punya surat tugas, tetapi mereka menjalankan tugas mendidiknya dengan tekun, karena mereka sadar itu tugas dari Allah. Dengan penuh rasa asuh mereka memperkenalkan santri-santri kecil dengan Allah dan huruf-huruf Al-Qur'an. Karena ikhlasnya, sebagian besar mereka tak pernah memikirkan imbalan. Mereka adalah pahlawan-pahlawan ketaqwaan yang berhati mutiara.</subfield>
    </datafield>
    <datafield tag="990" ind1="#" ind2="#">
      <subfield code="a">170218761</subfield>
    </datafield>
  </record>
</collection>
